In Between Days - The Cure (All Lyrics) - Statistics

General Stats
  • This quiz has been taken 10 times
  • The average score is 131 of 163
Answer Stats
Answer % Correct
a
100%
and
100%
And
100%
be
100%
I
100%
In
100%
me
100%
so
100%
to
100%
you
100%
you,
100%
away
80%
back,
80%
back
80%
between
80%
choice
80%
Come
80%
come
80%
could
80%
couldn't
80%
cry
80%
die
80%
Don't
80%
felt
80%
Go
80%
go
80%
her
80%
is
80%
It
80%
it
80%
know
80%
like
80%
made
80%
old
80%
on,
80%
on
80%
walk
80%
was
80%
Yesterday
80%
your
80%
can't
60%
child
60%
deep
60%
disappear
60%
from
60%
got
60%
here
60%
inside
60%
just
60%
said
60%
scared
60%
shivered
60%
That
60%
today
60%
true
60%
want
60%
When
60%
when
60%
Why
60%
without
60%
Without
60%
wrong
60%
see?
40%
froze
20%
No matching quizzes found
Score Distribution
Percent of People with Each Score
Percentile by Number Answered
Your Score History
You have not taken this quiz